000 00733cab a2200241 4500
001 WB3039-66
008 090401t1994 xxu||||| |||| 00| 0 eng d
035 _a(Sirsi) u71419
041 _aeng
245 _aVAT on non-domestic property
260 _c1994
350 _a0
490 _aHM Customs and Excise News Release
_v(39/94) 17 October 1994,
490 _aEstates Times
_v(1254) 21 October 1994, 4(4)
520 _aMeasures to simplify the VAT rules concerning non-domestic property are approved by the Chancellor of the Exchequer.
650 _aNON-DOMESTIC PROPERTY
650 _aOPTION TO TAX
650 _aSELF-SUPPLY
650 _aVALUE ADDED TAX
690 _aTAXATION
942 _n0
948 _c04/03/1997
999 _c45020
_d45020